00625cam a2200205 a 450000100100000000500170001000800410002702000150006804000290008304100390011208200190015110000170017024500690018726000330025630000290028965000200031865000240033870000320036270000250039400002020820200929170320.0710506s2003 nyub 000 1 eng d a4925080633 aDO-SdBNPbengcLCdBNPHU17aenghjpn2Código de idiomas MARC a895.613bA973n1 aAyako, Sono.10aNo reason for murder /cAyako Sono ; traducción Edward Putzar. aNew York :bICG Muse,c2003. a422 p. :bmapa ;c22 cm. 4aNovela japonesa 4aLiteratura japonesa1 aRadford, Edwin,d1891-etr.1 aPutzar, Edward,etr.